|
|
|
|
| LEADER |
00000nam0a2200000 4500 |
| 001 |
154959 |
| 005 |
20231031152142.0 |
| 035 |
|
|
|a (RuTPU)RU\TPU\book\168072
|
| 090 |
|
|
|a 154959
|
| 100 |
|
|
|a 20090306d1966 k y0rusy50 ca
|
| 101 |
0 |
|
|a rus
|
| 102 |
|
|
|a RU
|
| 105 |
|
|
|a a z 001zy
|
| 200 |
1 |
|
|a Термоэлектронные катоды
|f Г. А. Кудинцева [и др.]
|g под ред. Н. Д. Девяткова
|
| 210 |
|
|
|a Москва
|d 1966
|a Ленинград
|c Энергия
|
| 215 |
|
|
|a 366 с.
|c ил.
|
| 320 |
|
|
|a Библиография в конце глав.
|
| 610 |
1 |
|
|a термоэлектронные катоды
|
| 610 |
1 |
|
|a термокатоды
|
| 610 |
1 |
|
|a оксидные катоды
|
| 675 |
|
|
|a 621.385.12
|v 3
|
| 675 |
|
|
|a 621.36
|v 3
|
| 701 |
|
1 |
|a Кудинцева
|b Г. А.
|g Галина Алексеевна
|
| 701 |
|
1 |
|a Мельников
|b А. И.
|g Александр Иванович
|
| 701 |
|
1 |
|a Морозов
|b А. В.
|g Александр Васильевич
|
| 701 |
|
1 |
|a Никонов
|b Б. П.
|g Борис Павлович
|
| 702 |
|
1 |
|a Девятков
|b Н. Д.
|g Николай Дмитриевич
|4 340
|
| 801 |
|
1 |
|a RU
|b 63413507
|c 20090306
|g PSBO
|
| 801 |
|
2 |
|a RU
|b 63413507
|c 20190617
|g PSBO
|
| 942 |
|
|
|c BK
|